00805cam a22002411 450000100100000000500170001000800410002701000130006803500180008104000320009904200120013105000220014310000340016524500620019926000410026130000210030250400310032365000390035491000330039308200100042695201100043699900170054600001991720200929170205.0721130s1966 ilu b 000 0 eng  a66011866 a(OCoLC)504885 aDO-SdBNPcODaWUdOCoLCdDLC apremarc00aJX1954b.M53 19661 aMitrany, David,d1888-94247712aA working peace system. /cIntrod. by Hans J. Morgenthau. aChicago, :bQuadrangle Books,c1966. a221 p. ;c22 cm. aBibliographical footnotes. 0aInternational organization.942478 aCatalogación derivada / LC a341.1 001050718MOaGRbGRcHDd2010-07-09iLF1l0o341.1 p19917-10r2020-06-25w2020-06-25y1ZNo se presta c19430d19430